00572nam a22001937a 450000500170000001000130001702000260003003500130005603700100006908200150007924500620009426000500015627000570020630000210026350000200028470000280030494200290033299900170036120110929110351.0 aG-001649 c575.00a97881835649391daG-001649 bGift  a331.110954E aStatus of unorganised labour /cedited by A. Selva Kumar  aNew Delhi bDiscovery Publishing House c2009 a4831/24, Ansari Road, Darya GnajbNew Delhi e110002 a203p. c22cm(Hb) aIncludes index  aSelva Kumar, A. 935028 2ddccENh331.110954mSTA c57137d57137